| 000 | 01118cam a2200325 4500 | ||
|---|---|---|---|
| 008 | 090401t1996 xxu||||| |||| 00| 0 eng d | ||
| 020 | _a1900396408 | ||
| 035 | _a(Sirsi) u61529 | ||
| 041 | _aeng | ||
| 050 | _a306.026 | ||
| 100 | _aIrvine, Michael | ||
| 245 | 4 | _aThe Housing Act 1996: a guide. | |
| 260 |
_aCoventry _bChartered Institute of Housing _c1996 |
||
| 300 | _axii,108p. ; 21cm. | ||
| 350 | _a15 | ||
| 520 | _aExamines the changes brought about by the introduction of the Housing Act 1996. Provides an overview and full analysis on a section by section basis, cross referencing and highlighting the main legislative changes. | ||
| 650 | _aHOMELESSNESS | ||
| 650 | _aHOUSES IN MULTIPLE OCCUPATION | ||
| 650 | _aHOUSING ACT 1996 | ||
| 650 | _aHOUSING CORPORATION | ||
| 650 | _aHOUSING GRANTS | ||
| 650 | _aSOCIAL HOUSING | ||
| 650 | _aSOCIAL RENTED SECTOR | ||
| 690 | _aHOUSING | ||
| 710 |
_aAssociation of District Councils _91305 |
||
| 710 |
_aAssociation of Metropolitan Authorities _91383 |
||
| 710 |
_aChartered Institute of Housing _92394 |
||
| 942 | _n0 | ||
| 948 | _c04/03/1997 | ||
| 999 |
_c94320 _d94320 |
||